| 000 | 00608cam a2200181 a 4500 | ||
|---|---|---|---|
| 005 | 20250901165557.0 | ||
| 008 | 850307m19839999pau 000 0 eng | ||
| 010 | _a 85126866 | ||
| 050 | 0 | 0 | _aK 460.k3 2008 |
| 082 | 0 | 0 |
_a349.73/076 _a347.30076 _219 |
| 245 | 0 | 0 | _aMultistate workbook. |
| 260 |
_a[Philadelphia, Pa.] : _bMultistate Legal Studies, Inc., _cc1983- |
||
| 300 |
_av. ; _c28 cm. |
||
| 500 | _aAt head of title: PMBR multistate specialist. | ||
| 500 | _aPublished: Pacific Palisades, CA (1986- ); Santa Monica, CA (1988- ). | ||
| 500 | _aKept up to date by annual revised volumes. | ||
| 942 | _2ddc | ||
| 999 |
_c6143 _d6143 |
||